=LDR 00000nam 2200000 4500 =001 INLIS000000000010954 =005 20130612102548 =008 ***********************************Ind** =035 ##$$0010-061300000010954 =041 ##$$a Ind =082 ##$$a 681.6 =090 ##$$a 681.6, Kar-p =100 ##$$a Karyadi, Panca =245 ##$$a Percetakan tangan, Panca Karya =260 ##$$a 1996 $b Jakarta =300 ##$$a iv, 36 hlm, ilus, 21 cm =650 ##$$a Percetakan =650 ##$$a perkagkapan =850 ##$$a NBPNMAT